MDQL
is popping MORE tags! Check the
thread
!
Quizzes
Events
Quiz Creation
Community
Videos
Private Events
Remove Ads
Sign In
Join for FREE
Feedback
Dark Mode
Quiz Categories
Sports
Geography
Music
Movies
Television
Just For Fun
Miscellaneous
History
Literature
Language
Science
Gaming
Entertainment
Religion
Holiday
For Kids
Quiz Lab
Recent
Popular Today
Quiz Kudos Today
Editor Picks
Curator Picks
Quizzes by...
Day
Popularity
Type
Ratings
Length
Year
Community
Subscriptions
Recent Discussions
Orange Saloon
Badges
Playlists
Quests
Create
Leaderboards
Showdown
Live 5
Trivia Bingo
Activity
Puzzle Library
Sporcle Events
Private Events
Virtual Trivia
Globe League
Become a Host
Pub Owners
SporcleCon
Opinionation
Our Games
Videos
Blog
Mobile Apps
Partnerships
Remove Ads and Go Orange
Feedback
Science
Computer
Plants
Astronomy
Chemistry
Elements
Math
Animal
Physics
Anatomy
Biology
Geology
General Science
Science
Computer
Plants
Astronomy
Chemistry
Elements
Math
Animal
Physics
Anatomy
Biology
Geology
General Science
Random Quiz
Search Sporcle
×
Quiz Lab
Quiz Lab
Science
Type in answers that appear in a list
Type in answers that appear in a list
Classic
Best Score? Go Orange.
Counterstrain Pelvis Stats
Can you name the Counterstrain Pelvis ?
By
babydoctor
15m
30 Questions
48 Plays
48 Plays
48 Plays
Comments
Comments
Give Quiz Kudos
Give Quiz Kudos
-
- Ratings
hide this ad
Forced Order
Answers have to be entered in order
Answers have to be entered in order
Replay
Link that replays current quiz
Next Quiz
Link to next quiz in quiz playlist
You Got
0%
They Got
Avg Score
64%
Avg Friend Score
Upgrade to see
Score Distribution
Jump to the score distribution portion of the page
Score
0/30
Timer
15:00
0
Plays Today
x
xx
% Correct
Iliacus Vector
A to P
100%
Psoas Vector
A to P
95.8%
Iliacus Tx
F ER
91.7%
Psoas Tx
F ER
91.7%
Low Ilium Vector
S to I or I to S
91.7%
Low Ilium Tx
F er
89.6%
Inguinal Ligament Vector
S to I
87.5%
High Ilium Flareout Tx
E ADD
75%
Inguinal Ligament Tx
F add IR
70.8%
Midpole Sacroiliac Tx
E er abd
70.8%
Posterior Lumbar 3 Vector
P to A
70.8%
Posterior Lumbar 3 Tx
E er abd
70.8%
Posterior Lumbar 4 Vector
P to A
70.8%
Posterior Lumbar 4 Tx
E er abd
70.8%
Midpole Sacroiliac Vector
L to M towards the ILA
66.7%
x
xx
% Correct
Piriformis Vector
P to A
66.7%
Upper Pole Lumbar 5 Tx
E er add
64.6%
High Ilium Sacroiliac Tx
E abd
64.6%
Lower Pole Lumbar 5 Vector
I to S
62.5%
High Ilium Sacroiliac Vector
L to M
56.3%
Lower Pole Lumbar 5 Tx
F ir add
52.1%
High Ilium Flareout Vector
PL to AM at a 45 degree angle
47.9%
Upper Pole Lumbar 5 Vector
PM to AL
47.9%
Tender Point: Dysmenorrhea
MPSI
43.8%
Piriformis Tx
F ABD ir
41.7%
Tender Point: Sciatica
PIR
41.7%
Tender Point: Low back pain
ILA, HISI, MPSI, PSO
39.6%
Tender Point: Hip and thigh pain
HISI, MPSI
39.6%
Tender Point: Groin Pain
ING
37.5%
Tender Point: Coccygodynia
HISI, HIFO
35.4%
Quiz Playlist
Details
Report
Send in Message
Add To Playlist
Classic:
Type in answers that appear in a list
Forced Order:
Answers have to be entered in order
Last Updated: Feb 16, 2017
Quiz Scoreboard
CHALLENGE
Sign Up to Join the Scoreboard
Show All
Scores
Hide
Comments
May contain spoilers
Recently Published
Image Sorting: Flags VI
by Barbecue
Geography
2m
Find the 'City' Movie
by crazypaving
Movies
60s
Colored Red Africa Blitz
by spor1
Geography
45s
More to Explore
Quiz From the Vault
Featured Blog Post
14 Easter Pick-up Lines to Find Eggs With
hide this ad
You Might Also Like...
Tags
This quiz does not have any tags.
Today's Top Quizzes in Science
Browse Science
hide this ad
Top Contributed Quizzes in Science
1
Windmill: Elements
2
200 Vogels in Nederland
3
Square Numbers Scrambled (1-50)
4
Elements In Images
5
Glycolysis
6
Count to 60
7
perfect squares 1-25
8
17 TIMES TABLE
9
Quick Pick: 'CI-CJ' Animals
10
4-letter Elementary Words III
Explore More
Trending Topics
NBA
Kpop
Disney
Crossword
Marvel
Harry Potter
Anime
Soccer
Pokémon
WWE
Song
The Office
Puzzle
NFL
Country
hide this ad
More By:
babydoctor
Quiz
Plays
Rating
Category
Featured
Created
Lower Limb Muscle Innervations
3,748
Science
Sep 17, 2011
Sensorineural Hearing Loss
1,853
Science
Nov 24, 2011
Congenital Heart Disease
696
5.00
Science
Mar 20, 2011
Lower Limb Anatomy
522
Science
Sep 16, 2011
Childhood Exanthems
443
Science
Apr 13, 2012
Go to Creator's Profile
Score Distribution
Quiz Creator Spotlight
babydoctor
Follow
Send a Message
Quizzes Created
-
Created Quiz Play Count
-
More By This Creator
Popular Quizzes Today
1
Colored Red Africa Blitz
2
Find the US States - No Outlines Minefield
3
Find the 'City' Movie
4
5x2 Blitz: Bands
5
The Countries of the World
6
Find the US States
7
Find the Countries of Europe - No Outlines Minefield
8
US States
More Science Quizzes
Order Up: Bones Head to Foot
Published
Trending Quizzes
Colored Red Europe Blitz I
Colored Red Africa Blitz II
Colored Red Europe Blitz II
Colored Red Africa Blitz III
Colored Red Europe Blitz III
Recently Updated
How Do You Spell That?
pecheneg
Godzilla Movies
pecheneg
Grab Bag: 4-10 Letters
pecheneg
2024 March Madness Bracket
pecheneg
Famous TV Couples
Peacemaker
Champions League XIs: Real Madrid
pecheneg
Largest US Cities 1790-2010
pecheneg
Rides in Walt Disney World
pecheneg
Most Oscar Losses (Acting)
pecheneg
Beyoncé Albums
pecheneg
Trending Topics
Harry Potter
Kpop
Anime
Crossword
Disney
NBA
Marvel
Song
Soccer
WWE
Puzzle
NFL
Pokémon
Country
The Office
Your Account Isn't Verified!
In order to create a playlist on Sporcle, you need to verify the email address you used during registration. Go to your
Sporcle Settings
to finish the process.
Report this User
Report this user for behavior that violates our
Community Guidelines
.
Details:
Send Report
Go to the Sporcle.com Mobile Site →
Comments